| 000 | 00606nam a2200193 4500 | ||
|---|---|---|---|
| 001 | 144528 | ||
| 003 | ES-MaACL | ||
| 005 | 20250809035224.0 | ||
| 007 | t| | ||
| 008 | 070214s1903 sp r ||||1| spa d | ||
| 080 | _a343(460) | ||
| 100 | 1 |
_aSilvela, Luis, _d1841-1903 _9176140 |
|
| 245 | 1 | 3 |
_aEl derecho penal estudiado en principios y en la legislación vigente de España / _cLuis Silvela. |
| 260 |
_aMadrid : _b[s.n.], _c1903 ( _fTip. de Ricardo Fe) |
||
| 300 |
_a2 v. ; _c23 cm. |
||
| 650 | 4 |
_aDerecho penal- _zEspaña _911752 |
|
| 852 | 4 |
_aES-MaACL _jF-15139-40 |
|
| 999 |
_c144528 _d144528 |
||